Underwater - MIKA (all lyrics) - Statistics

General Stats
  • This quiz has been taken 25 times
  • The average score is 199 of 237
Answer Stats
Answer % Correct
a
100%
red
100%
sky
100%
slow
100%
And
92%
and
92%
be
92%
behind
92%
head
92%
I
92%
landslide
92%
leave
92%
lose
92%
the
92%
Underwater
92%
underwater
92%
we
92%
When
92%
world
92%
You
92%
you
92%
your
92%
again
85%
are
85%
blood
85%
breathe
85%
can
85%
disappear
85%
enough
85%
It's
85%
live
85%
love
85%
me
85%
my
85%
not
85%
of
85%
see
85%
seen
85%
through
85%
to
85%
All
77%
all
77%
amazing
77%
blue
77%
bright
77%
Bursting
77%
call
77%
'Cause
77%
fall
77%
feet
77%
From
77%
is
77%
know
77%
lips
77%
Now
77%
on
77%
Put
77%
return
77%
sense
77%
you're
77%
don't
69%
heart
69%
just
69%
leavin
69%
make
69%
need
69%
port
69%
sleeve
69%
wearin'
69%
with
69%
With
69%
could
62%
Flying
62%
raw
62%
shot
54%
space
54%
boy
46%
high
38%
No matching quizzes found
Score Distribution
Percent of People with Each Score
Percentile by Number Answered
Your Score History
You have not taken this quiz